Country by ESC song - Statistics

General Stats
  • This quiz has been taken 10 times
  • The average score is 13 of 15
Answer Stats
Song Country % Correct
J'aime la vie Belgium
100%
Lie to me Czech Republic
100%
Luktelk Lithuania
100%
Believe Russia
100%
Molitva Serbia
100%
1944 Ukraine
100%
Liar Cyprus
88%
Nous les Amoureux Luxembourg
88%
Serving Malta
88%
Hey Mamma Moldova
88%
Nocturne Norway
88%
Work Your Magic Belarus
75%
Dobrodošli Montenegro
75%
Adrenalina San Marino
75%
Dansevise Denmark
63%
No matching quizzes found
Score Distribution
Percent of People with Each Score
Percentile by Number Answered
Your Score History
You have not taken this quiz